Statistiques concernant Population plus élevée - choix multiple

Cliquez ici pour prendre le quiz!

Statistiques générales

  • Ce quiz a été pris 74 fois
  • Le résultat moyen est 8 sur 15

Statistiques - réponses

QuestionRéponse% Correct
Quelle est la population la plus élevée?Stockholm
90%
Quelle est la population la plus élevée?Egypte
75%
Quelle est la population la plus élevée?Irlande
75%
Quelle est la population la plus élevée?Bangladesh
74%
Quelle est la population la plus élevée?La ville de New York
72%
Quelle est la population la plus élevée?Pékin
65%
Quelle est la population la plus élevée?Belgique
62%
Quelle est la population la plus élevée?Andorre
59%
Quelle est la population la plus élevée?Monaco
54%
Quelle est la population la plus élevée?Pakistan
53%
Quelle est la population la plus élevée?Tchad
49%
Quelle est la population la plus élevée?Burundi
44%
Quelle est la population la plus élevée?Qatar
37%
Quelle est la population la plus élevée?Cambodge
15%
Quelle est la population la plus élevée?Cuba
12%

Distribution des résultats

Percentile par nombre de réponses

% des personnes avec chaque résultat

Votre développement - résultats

Vous n’avez pas pris ce quiz